000 00552cab a2200181 4500
001 WB2431-35
008 090401t1988 xxu||||| |||| 00| 0 eng d
035 _a(Sirsi) u5125
041 _aeng
245 _aResidence
260 _c1988
350 _a0
490 _aInland Revenue Press Release
_v28 July 1988 4 pages
520 _aAn Inland Revenue consultative document proposes changes to the residence rules and the scope of UK taxation on various categories of resident individuals.
690 _aTAXATION
942 _n0
948 _c04/03/1997
999 _c3072
_d3072